Bilecik Bilecik Bilecik Bilecik Bilecik

Protokol yönetimi : (Record no. 38848)

MARC details
000 -BAŞLIK
Sabit Uzunluktaki Kontrol Alanı 01848nam a22003377a 4500
001 - KONTROL NUMARASI
Control Dosyası 0038970
003 - KONTROL NUMARASI KİMLİĞİ
Kontrol Alanı KOHA_MİRAKIL
005 - EN SON İŞLEM TARİHİ ve ZAMANI
Kontrol Alanı 20260207003116.0
007 - FİZİKSEL TANIM SABİT ALAN - GENEL BİLGİ
Sabit uzunluklu kontrol alanı ta
008 - SABİT UZUNLUKTAKİ VERİ ÖGELERİ - GENEL BİLGİ
Sabit Alan 121113b2012 tu |||gr||||#||||0|tur |
020 ## - ISBN - ULUSLARARASI STANDART KİTAP NUMARASI
Isbn 9789758918447
040 ## - KATALOGLAMA KAYNAĞI
Özgün Kataloglama Kurumu TR-BiSEU
Kataloglama Dili tur
Çeviri Kurumu TR-BiSEU
Açıklama Kuralları rda
041 0# - DİL KODU
Metin ya da ses kaydının dil kodu tur
044 ## - YAYINLAYAN/ÜRETEN KURULUŞUN ÜLKE KODU
ISO country code tu
050 ## - SINIFLAMA ve YER NUMARASI
Sınıflama Numarası JZ1436
Yer Numarası .A98 2012
100 1# - KİŞİ ADI
Yazar Adı (Kişi adı) Aytürk, Nihat.
245 1# - ESER ADI BİLDİRİMİ
Başlık Protokol yönetimi :
Alt Eseradı vb. kamusal yaşamda protokol kuralları/
Sorumluluk Bildirimi Nihat Aytürk ; Nihat Aytürk.
250 ## - BASIM BİLDİRİMİ
Basım Bildirimi 6. Baskı
264 #1 - ÜRERİM, YAYIN, DAĞITIM ve TELİF BİLDİRİMİ
Yayın yeri Ankara :
Yayınlayan Türkiye ve Orta Doğu Amme İdaresi Enstitüsü
Yayın tarihi 2012
300 ## - FİZİKSEL TANIMLAMA
Sayfa, Cilt vb. XIX, 450 sayfa ;
Boyutları 20 cm
336 ## - İÇERİK TÜRÜ
Content type term metin
Content type code txt
Source rdacontent
337 ## - MEDYA TÜRÜ
Media type term aracısız
Media type code n
Source rdamedia
338 ## - TAŞIYICI TÜRÜ
Carrier type term cilt
Carrier type code nc
Source rdacarrier
490 0# - DİZİ BİLDİRİMİ
Dizi Bildirimi TODAİE
500 ## - GENEL NOT
Genel Not Kaynakça ve dizin var.
505 ## - İÇİNDEKİLER NOTU
İçindekiler Notu Protokolün Anlam ve Önemi
650 #0 - KONU BAŞLIĞI EK GİRİŞ - KONU TERİMİ
Konusal terim veya coğrafi ad Protokol.
9 (RLIN) 72613
650 #0 - KONU BAŞLIĞI EK GİRİŞ - KONU TERİMİ
Konusal terim veya coğrafi ad Protokol İlkeleri.
9 (RLIN) 72614
830 0# - SERİ EK GİRİŞİ - TEKBİÇİM ESER ADI
Tekbiçim Başlık TODAİE
9 (RLIN) 24640
942 ## - EK GİRİŞ ÖGELERİ (KOHA)
Source of classification or shelving scheme Library of Congress Classification
Koha item type Book
505 ## - İÇİNDEKİLER NOTU
-- Kurumlarda Protokol Birimleri ve Görevleri
-- Protokol İlkeleri
-- Protokol Türleri
-- Protokol Listeleri
-- Makam Protokolü
-- Ulusal ve Kurumsal Bayrak Protokolü
-- Resmi, Özel ve Sosyal Taşıt Protokolü
-- Toplantı ve Brifing protokolü
-- Tören protokolü:
-- Millî, Resmî, Mahallî ve Dinî Törenler
-- Karşılama ve Uğurlama Törenleri
-- Görev Devir-Teslim Törenleri
-- İmza Törenleri
-- Kutlama Törenler (Bayram, yılbaşı vb.)
-- Cenaze Törenleri
-- Kurumsal Törenler ve Törensel Etkinlikler (Temel Atma, Açılış, Anma, diploma vb.)
-- Törenlerde Oturma Düzenleri
-- Törenlerde Konuşma Yöntemleri
-- Protokol Yazıları
-- Resmî Yazışmalarda Protokol Kuralları
-- Ziyaret ve Konuk Protokolü
-- Davet ve Ziyafet Protokolü (Resepsiyon, Kokteyl ve Resmî Yemekler)
-- Giyim Protokolü)
-- Yönetsel Davranış Protokolü
-- Sosyal Davranış Protokolü
Holdings
Materyal Türü Kalıcı Konum Mevcut Konum Raf Yeri Sınıflandırma Kaynağı Edinim Bilgisi Ana Konular Alt Konular Yer Numarası Demirbaş Numarası Fatura Tarihi Geri Çekilme Durumu Kayıp Durumu Hasarlı Durumu Kredi için değil Kayıt Tarih Toplam Ödünçverme Son Görülme Tarihi Son Kontrol Tarihi Genel / Bağış Notu
Book Prof. Dr. Azmi Özcan Kütüphanesi Prof. Dr. Azmi Özcan Kütüphanesi Uluğbey Salonu Library of Congress Classification Bağış SİYASET BİLİMİ Uluslararası İlişkiler JZ1436 .A98 2012 0038970 02/02/2026         13/11/2012 1 05/12/2024 05/12/2024 Genel Bağış